000 00491nam a22001815i 4500
001 48086
003 ES-MaACL
005 20230906161706.0
007 t|
008 981119s1897 fr ||||1| fre d
040 _aCAM
_bspa
_cCCPB
100 1 _aCurel, François de.
_942204
245 1 3 _aLe sauvetage du Grand-Due /
_cFrancois de Curel.
250 _aNouvelle ed.
260 _aParis :
_b[s.n.],
_c1897 (
_fTip. G. Chamerot)
300 _a280 p. ;
_c19 cm.
852 _aES-MaACL
_jF-8830
999 _c48086
_d48086